Polt̕ica Criminal y Sistema Penal Viejas y nuevas racionalidades punitivas

Detalles Bibliográficos
Autor principal: Rivera Beiras, Iąki
Formato: eBook
Lenguaje:español
Publicado: Barcelona : Editorial Anthropos, 2011
Materias:
Acceso en línea:http://www.vlex.com/source/7652

MARC

LEADER 00000nam a22000007a 4500
005 20130305144703.0
007 cr|||| ||||
008 130305e2011 sp |||||s|||| 00||0 spa d
020 |a 978-84-7658-720-1 
035 |a 7652 
040 |a vLex 
090 |c 3829  |d 3829 
100 1 0 |a Rivera Beiras, Iąki  
245 1 0 |a Polt̕ica Criminal y Sistema Penal  |b Viejas y nuevas racionalidades punitivas  |h [Recurso electrn̤ico]  |c / Iąki Rivera Beiras  
256 |a Servicio en ln̕ea 
260 |a Barcelona :  |b Editorial Anthropos,   |c 2011 
300 |a 1 Recurso electrn̤ico 
506 |d vLex Global  |d vLex Global (Academic Edition, excluding Law Schools)  |d vLex Global (U.S. Academic Edition, Law Schools)  |d vLex Global (U.S. Academic Edition, excluding Law Schools)  |d vLex Global (Academic Edition, Law Schools) 
650 0 4 |a Derecho penal 
740 |a vLex Libros (Servicio en ln̕ea) 
856 |a Acceso restringido  |u http://www.vlex.com/source/7652 
942 |c BOOK 
999 0 |a Criminal law